[Event "Haninge"]
[Site "Haninge"]
[Date "1992.??.??"]
[Round "5"]
[White "Andersson, Ulf"]
[Black "Hansen, Lars Bo"]
[Result "1-0"]
[WhiteElo "2605"]
[BlackElo "2535"]
[Annotator "Hertneck,G"]
[PlyCount "89"]
[EventDate "1992.05.??"]
[EventType "schev"]
[EventRounds "5"]
[EventCountry "SWE"]
[SourceTitle "CBM 030"]
[Source "ChessBase"]
[SourceDate "1992.10.01"]
[SourceVersion "1"]
[SourceVersionDate "1992.10.01"]
[SourceQuality "1"]

1. d4 d5 2. c4 c6 3. cxd5 cxd5 4. Nc3 Nc6 5. Bf4 e5 6. Bxe5 (6. dxe5 d4 7. Ne4
{is untested}) 6... Nxe5 7. dxe5 d4 8. Ne4 Qb6 (8... Qa5+ $2 9. Nd2 Qxe5 10.
Ngf3 {/\ Qa4 +/-}) 9. Nf3 Qxb2 10. Rb1 Bb4+ 11. Ned2 Bxd2+ 12. Nxd2 Qxa2 13. e3
dxe3 14. Bb5+ $146 (14. fxe3 Be6 15. Rxb7 $13 {Yusupov,A-Timman,J, Linares
1987 47/454}) 14... Kf8 15. fxe3 Be6 16. O-O Rd8 17. Rf2 Nh6 18. h3 $1 g6 19.
Qc1 Qd5 $2 (19... Rc8 20. Qf1 Qd5 $13) 20. Bc4 Qc6 $6 (20... Qxe5 21. Bxe6 Qxe6
22. Qc3 $1 $16) 21. Bxe6 Qxe6 22. Rxb7 Kg7 23. Nf3 $16 Rhf8 24. Rxa7 Ra8 25.
Rc7 Nf5 26. Kh2 Rac8 27. Rfc2 Ne7 28. e4 Rxc7 29. Rxc7 Rc8 30. Rxc8 Qxc8 31.
Qf4 Ng8 32. Qd2 Qc7 33. Kg3 h6 34. Qd4 Kh7 35. Qd6 Qe7 36. Kf4 Kg7 37. Ke3 Qa7+
38. Qd4 Qxd4+ 39. Kxd4 Ne7 40. Kc5 g5 41. Kd6 Kf8 42. e6 Nc8+ 43. Kc7 Na7 44.
exf7 Kxf7 45. Kd7 1-0

[Event "Pardubice"]
[Site "Pardubice"]
[Date "1994.??.??"]
[Round "4"]
[White "Bareev, Evgeny"]
[Black "Shirov, Alexei"]
[Result "1/2-1/2"]
[WhiteElo "2685"]
[BlackElo "2740"]
[Annotator "Hertneck,G"]
[PlyCount "86"]
[EventDate "1994.07.??"]
[EventType "tourn"]
[EventRounds "9"]
[EventCountry "CZE"]
[EventCategory "15"]
[SourceTitle "CBM 042"]
[Source "ChessBase"]
[SourceDate "1994.10.01"]
[SourceVersion "1"]
[SourceVersionDate "1994.10.01"]
[SourceQuality "1"]

1. d4 d5 2. c4 c6 3. Nc3 Nf6 4. e3 a6 5. Qc2 b5 6. b3 Bg4 7. Nge2 $1 Nbd7 8. h3
Bh5 9. Nf4 Bg6 10. Nxg6 hxg6 11. Be2 e6 12. O-O Bd6 13. e4 $1 b4 (13... dxe4
14. Nxe4 Nxe4 15. Qxe4 Rc8 16. a4 $14) 14. exd5 $1 (14. e5 $2 Nxe5 $17) 14...
exd5 (14... bxc3 15. dxc6 $1 (15. dxe6 fxe6 16. Qxg6+ Kf8 17. Qc2 Qa5) 15...
Nb8 16. Bf3 Qc7 17. d5 $44) 15. Na4 $14 O-O 16. Bf3 Re8 17. Bg5 Qb8 18. Rfe1
Rxe1+ 19. Rxe1 Bh2+ $1 20. Kf1 (20. Kh1 Bf4 21. Bxf6 Nxf6 22. cxd5 cxd5 23. Qc6
Ra7 24. Nc5 (24. Bxd5 $6 Rc7 25. Qa8 Qxa8 26. Bxa8 Rc2 $132) (24. Qb6 $5 Ra8) (
24. g3 $2 Bxg3 25. fxg3 Qxg3 26. Qc8+ Kh7 27. Rf1 Rc7 $40) 24... a5 25. Bxd5 (
25. Rd1 Rc7 26. Qa6 Ra7 27. Qc6 Rc7 $10) 25... Qd8 $1 $132) 20... Bf4 21. Bxf6
Nxf6 22. cxd5 cxd5 23. g3 Bd6 24. Qc6 (24. Kg2 {/\ Rc1, Qc6}) 24... Qb5+ $10
25. Qxb5 axb5 26. Nb6 Rxa2 27. Nxd5 Kf8 28. Rc1 Nxd5 29. Bxd5 Rd2 30. Ra1 Rxd4
31. Ra8+ Ke7 32. Ra7+ Kd8 33. Bxf7 Bc5 34. Ra2 Rd6 35. Re2 Rf6 36. Bd5 g5 37.
Kg2 Kc7 38. Bf3 Bd4 39. Re4 Bc3 40. Re7+ Kd6 41. Rb7 Rf5 42. Be4 Rc5 43. Bd3
Kc6 1/2-1/2

[Event "Hoogovens"]
[Site "Wijk aan Zee"]
[Date "1993.01.??"]
[Round "4"]
[White "Karpov, Anatoly"]
[Black "Salov, Valery"]
[Result "1-0"]
[WhiteElo "2725"]
[BlackElo "2660"]
[Annotator "Hertneck,G"]
[PlyCount "113"]
[EventDate "1993.01.??"]
[EventType "k.o."]
[EventRounds "5"]
[EventCountry "NED"]
[SourceTitle "CBM 034"]
[Source "ChessBase"]
[SourceDate "1993.06.01"]
[SourceVersion "1"]
[SourceVersionDate "1993.06.01"]
[SourceQuality "1"]

1. d4 d5 2. c4 c6 3. Nc3 dxc4 4. e4 e5 5. dxe5 $146 (5. Nf3 exd4 6. Qxd4 Qxd4
7. Nxd4 $14) 5... Qxd1+ 6. Kxd1 b5 7. Be3 Nd7 8. f4 Bc5 9. Ke2 a5 10. Nf3 Ne7
11. f5 $1 Bb6 12. Bxb6 Nxb6 13. Ke3 f6 $1 14. exf6 (14. e6 $2 g6 15. Nd4 b4 16.
Nd1 gxf5 17. exf5 Bb7 $36) 14... gxf6 $13 15. g4 b4 16. Nd1 h5 17. Rg1 hxg4 18.
Rxg4 Kf7 19. Kf4 Ba6 20. Ne3 a4 21. a3 c3 22. bxc3 Bxf1 23. Rxf1 b3 24. Rfg1
Rag8 25. Rxg8 Rxg8 26. Rd1 Rb8 27. Ne1 Rh8 28. Kg3 Rg8+ 29. Kf2 Rh8 30. Nf3 Rb8
31. h4 b2 32. Rb1 Nd7 33. Nc4 Nc5 34. Ke3 Rd8 35. Nd4 Rh8 36. Nd6+ Kg8 37. Rxb2
Rxh4 38. Rb8+ Kh7 39. Re8 Ng8 40. Ne6 Nd7 41. Kd4 Rh1 42. Nc4 Rd1+ 43. Ke3 Re1+
44. Kd3 Rd1+ 45. Ke2 Rc1 46. Kd2 Rg1 47. Ra8 Ne5 48. Nxe5 fxe5 49. Rxa4 Nf6 50.
Nc5 Rg2+ 51. Kd3 Rg3+ 52. Kc2 Ng4 53. Ra7+ Kg8 54. Rd7 Ne3+ 55. Kb3 Rg1 56. a4
Rb1+ 57. Ka2 1-0

[Event "Hoogovens op"]
[Site "Wijk aan Zee"]
[Date "1993.01.??"]
[Round "9"]
[White "Azmaiparashvili, Zurab"]
[Black "Akopian, Vladimir Eduardovic"]
[Result "1/2-1/2"]
[WhiteElo "2655"]
[BlackElo "2615"]
[Annotator "Hertneck,G"]
[PlyCount "35"]
[EventDate "1993.01.??"]
[EventType "swiss"]
[EventRounds "12"]
[EventCountry "NED"]
[SourceTitle "CBM 034"]
[Source "ChessBase"]
[SourceDate "1993.06.01"]
[SourceVersion "1"]
[SourceVersionDate "1993.06.01"]
[SourceQuality "1"]

1. d4 d5 2. c4 c6 3. Nc3 Nf6 4. cxd5 cxd5 5. Bf4 Nc6 6. e3 a6 7. Be2 $5 $146 (
7. Bd3 Bg4 $13) 7... Bf5 $5 (7... e6 $13) 8. g4 Bg6 9. Qb3 e6 $8 (9... b5 $2
10. Nxb5 axb5 11. Bxb5 Qa5+ 12. Kf1 Rc8 13. Rc1 Qa8 14. Nf3 Kd8 15. Bxc6 Rxc6
16. Rxc6 Qxc6 17. Qb8+ Qc8 18. Bc7+ Kd7 19. Ne5+ $18) 10. Qxb7 Na5 (10... Nb4
11. Nb5 $5) 11. Qc7 Qxc7 12. Bxc7 Bb4 $44 13. Nf3 (13. a3 Nb3 $1) 13... Nc4 14.
Bxc4 (14. a3 $142 Bxc3+ 15. bxc3 Nxg4 16. Nh4 $14) 14... dxc4 15. Nd2 Bd3 16.
g5 Bxc3 17. bxc3 Nd5 18. Bg3 (18. Bg3 Nxc3 $15) 1/2-1/2

[Event "Linares 10th"]
[Site "Linares"]
[Date "1992.??.??"]
[Round "7"]
[White "Beliavsky, Alexander G"]
[Black "Gelfand, Boris"]
[Result "1-0"]
[WhiteElo "2620"]
[BlackElo "2665"]
[Annotator "Hertneck,G"]
[PlyCount "47"]
[EventDate "1992.02.??"]
[EventType "tourn"]
[EventRounds "13"]
[EventCountry "ESP"]
[EventCategory "17"]
[SourceTitle "CBM 028"]
[Source "ChessBase"]
[SourceDate "1992.06.01"]
[SourceVersion "1"]
[SourceVersionDate "1992.06.01"]
[SourceQuality "1"]

1. d4 {Anand Ftacnik} d5 2. c4 c6 3. Nc3 e5 4. dxe5 (4. cxd5 {Anand} cxd5 5.
Nf3 e4 6. Ne5) (4. e3 {Anand} exd4 (4... e4 5. Qb3 Nf6 6. Nh3 {And White is a
tempo up in a French}) 5. exd4 Nf6 6. Nf3 Be7 7. cxd5 Nxd5 8. Bd3 $14) 4... d4
5. Ne4 Qa5+ 6. Nd2 Nh6 (6... Nd7 7. e6 fxe6 8. g3 e5 9. Bg2 Ngf6 10. Ngf3 Be7
11. O-O Qc7 $13 {Karpov,An-Bareev,E, Linares 1992}) (6... Nd7 $5 {Anand Karpov,
An-Bareev,E/Linares/1992/}) 7. Ngf3 Nf5 8. g3 (8. a3 Nd7 9. g4 Ne3 10. b4 $1
Bxb4 (10... Nxd1 11. bxa5 Nc3 12. Nxd4 Nxe5 13. h3 a6 $2 14. a4 {/\ Ba3 +/-
Shabalov,A-Roeder,M, Gausdal 1991, 51/(378)}) 11. axb4 Qxa1 12. fxe3 dxe3 13.
Ne4 Nxe5 14. Nxe5 Qxe5 15. Nd6+ Kf8 16. Qd3 Bxg4 17. Bxe3 a5 18. Bd4 Qe6 {
Shirov,A}) 8... Ne3 9. fxe3 dxe3 10. a3 $1 {TN} (10. Bg2 exd2+ 11. Bxd2 Bb4 12.
O-O (12. a3 Bxd2+ 13. Qxd2 Qxd2+ 14. Kxd2 Be6 15. Kc3 Nd7 16. Rad1 Ke7 $44 {
Flear,G-Van der Sterren,P, San Bernardino 1991, 52/369} (16... Ke7 {Ftacnik}
17. Rd4 a5 18. Rhd1 h6 $10 {Flear,G-Van der Sterren,P/San Bernardino op/1991/})
) 12... Bxd2 13. Qxd2 Qxd2 14. Nxd2 Nd7 $10 {Seirawan,Y-Hansen,Cu, Wijk 1991,
51/(378)} (14... Nd7 15. Nf3 a5 16. Rad1 Ke7 17. Rd4 Nc5 $10 {Seirawan,
Y-Hansen,Cu/Wijk/1991/})) 10... Bf5 (10... Na6 11. Bg2 (11. b4 $4 Nxb4 12. axb4
Qxa1 $19) 11... Be7 (11... Bc5 $2 12. b4 Bxb4 13. axb4 Qxa1 14. Ne4 $18) 12. b4
$1 (12. O-O exd2 13. Bxd2 Qc5+ 14. Kh1 Qxc4 $13) 12... Nxb4 13. Nb3 $3 (13.
axb4 Qxa1 14. Ne4 Bxb4+ 15. Kf1 O-O $44) 13... Nc2+ 14. Kf1 Qc3 15. Ra2 Bf5 16.
Nbd4 Rd8 (16... O-O-O $2 17. Rxc2 Bxc2 18. Qxc2 Qxc2 19. Bh3+ $18) 17. Rxc2 (
17. Bb2 $2 Qxc4) 17... Bxc2 18. Qxc2 Qxc2 19. Nxc2 Rd1+ 20. Nfe1 Rxc1 21. Be4
O-O 22. Kg2 Rd8 23. Bd3 $16) (10... exd2+ {Anand} 11. Bxd2 $14) 11. Bg2 (11. b4
$2 Bxb4 12. axb4 Qxa1 $19) 11... Bc5 $2 (11... Nd7 12. Qb3 $5 (12. O-O exd2 13.
Bxd2 Qc5+ 14. Kh1 Qxc4 $13) 12... Bc5 13. Qxb7 Rb8 14. Qxc6 O-O $36) (11...
exd2+ {Ftacnik} 12. Bxd2 $14) 12. b4 $1 (12. Nh4 {Anand} Be6 13. b4 Bxb4 14.
axb4 Qxa1 15. Ne4 $16) 12... Bxb4 13. axb4 Qxa1 14. O-O (14. Nb3 $4 Qc3+ 15.
Kf1 Bc2 $19) 14... exd2 15. Qxd2 $16 O-O 16. Bb2 Qa6 (16... Qa4 {Anand} 17. Nd4
{/\Ra1+-}) 17. Ng5 Bg6 (17... Be6 18. Qd3 g6 19. Nxe6 fxe6 20. Rxf8+ Kxf8 21.
Qd8+ Kf7 22. Qf6+ Ke8 23. Qxe6+ Kd8 24. Qf6+ $1 $18) 18. e6 $18 f6 (18... Qxc4
19. exf7+ Bxf7 20. Nxf7 $18) (18... Qb6+ {Ftacnik} 19. c5 Qc7 20. exf7+ Bxf7
21. Qc3 Bg6 22. Rxf8+ Kxf8 23. Ne6+ $18) 19. e7 Re8 20. Bh3 $1 Qb6+ (20... fxg5
{Ftacnik} 21. Be6+ Kh8 22. Rf8+ $18) 21. c5 Qc7 22. Be6+ Kh8 23. Rxf6 Nd7 (
23... Qxe7 24. Rxg6 hxg6 25. Qf4 $18 (25. Qf4 {Anand} Qxg5 26. Qxg5 Rxe6 27.
Qh6+ $18)) 24. Rxg6 (24. Rxg6 hxg6 25. Qd4 Nf6 26. Qxf6 Qxe7 27. Qxg6) 1-0

[Event "Baden-Baden"]
[Site "Baden-Baden"]
[Date "1992.12.17"]
[Round "11"]
[White "Knaak, Rainer"]
[Black "Lautier, Joel"]
[Result "0-1"]
[WhiteElo "2525"]
[BlackElo "2580"]
[Annotator "Hertneck,G"]
[PlyCount "56"]
[EventDate "1992.12.??"]
[EventType "tourn"]
[EventRounds "11"]
[EventCountry "GER"]
[EventCategory "14"]
[SourceTitle "CBM 033"]
[Source "ChessBase"]
[SourceDate "1993.04.01"]
[SourceVersion "1"]
[SourceVersionDate "1993.04.01"]
[SourceQuality "1"]

1. d4 d5 2. c4 c6 3. Nc3 dxc4 4. e4 b5 5. a4 e5 6. Be3 (6. Nf3 exd4 7. Qxd4
Qxd4 8. Nxd4 b4 9. Nd1 Ba6 10. Bf4 Nf6 11. f3 (11. Rc1 $5 Nxe4 12. Bxc4 Bxc4
13. Rxc4 Nd6 14. Rc2 $44 {Smejkal,J-Chandler,M/Bundesliga/1988/}) 11... Bc5 12.
Nf5 O-O 13. Rc1 $14 {Kasparov,G-Huebner,R, Belfort 1988, 45/428}) 6... b4 7.
Nb1 Ba6 8. Nf3 $6 (8. dxe5 Qxd1+ 9. Kxd1 c3 $1 10. Nf3 cxb2 11. Ra2 c5 $13)
8... exd4 9. Qxd4 Qxd4 10. Nxd4 Nf6 11. f3 Nfd7 12. Nd2 c3 $1 (12... Ne5 13.
Rc1 c3 14. bxc3 Bxf1 15. Kxf1 $14 {Jelen,Iz-Ljubisavljevic,Z, Pula 1991}) 13.
bxc3 bxc3 14. Nb1 Nb6 (14... Bb4 15. Bxa6 Nxa6 16. Nxc6 Rc8 17. Nxb4 Nxb4 $13)
(14... Bxf1 15. Rxf1 Bb4) 15. Bxa6 Nxa6 16. Ke2 (16. Nxc3 Bb4 17. Bd2 O-O-O 18.
Nxc6 Nc4 $17) 16... Nc4 17. Bf2 $2 (17. Nxc3 Nxe3 18. Kxe3 Bc5 19. Nce2 $10)
17... Rb8 $17 18. Bg3 Rb2+ 19. Kd3 Na5 20. Nc2 Nb4+ 21. Nxb4 Bxb4 22. Nxc3 Ke7
23. Bc7 Rc8 24. Bxa5 Bxa5 25. Rab1 Rxg2 26. Rb7+ Rc7 27. Rxc7+ Bxc7 28. h3 Rf2
0-1

[Event "Belgrade"]
[Site "Belgrade"]
[Date "1993.??.??"]
[Round "7"]
[White "Mozetic, Dejan"]
[Black "Kramnik, Vladimir"]
[Result "1/2-1/2"]
[WhiteElo "2580"]
[BlackElo "2710"]
[Annotator "Hertneck,G"]
[PlyCount "46"]
[EventDate "1993.??.??"]
[EventType "tourn"]
[EventRounds "9"]
[EventCountry "YUG"]
[EventCategory "16"]
[SourceTitle "CBM 039"]
[Source "ChessBase"]
[SourceDate "1994.04.01"]
[SourceVersion "1"]
[SourceVersionDate "1994.04.01"]
[SourceQuality "1"]

1. d4 d5 2. c4 c6 3. cxd5 cxd5 4. Bf4 Nf6 5. e3 Nc6 6. Nc3 Bg4 $5 (6... a6) 7.
Qb3 (7. Nf3 e6 $10) (7. f3 $5 $14) 7... Na5 8. Qc2 (8. Bb5+ Bd7 9. Bxd7+ (9.
Qa4 Nc6 10. Nf3 a6 11. Bxc6 Bxc6 12. Qb3 e6 13. Ne5 Nd7 $10) 9... Qxd7 10. Qb5
Nc6 11. Nf3 e6 12. O-O Nh5 $6 13. Ne5 Nxe5 14. Bxe5 f6 15. Qe2 g6 16. g4 $1
fxe5 17. gxh5 $14 {Hertneck,G-Kramnik,V/Bundesliga/1993}) 8... a6 9. h3 Bh5 10.
Qa4+ Nc6 (10... b5 $4 11. Bxb5+ axb5 12. Nxb5 e5 (12... Nc6 13. Nc7+ $18 (13.
Nd6+ $2 Kd7 $17))) 11. Qb3 Na5 12. Qa4+ Nc6 13. Qb3 (13. g4 Bg6 14. Nf3 b5 15.
Bxb5 $2 axb5 16. Qxb5 Qd7 17. Ne5 Nxe5 18. dxe5 Ne4 19. Qxd7+ Kxd7 20. Nxd5 Kc6
$17) 13... Ra7 $5 14. g4 Bg6 15. Nf3 e6 16. Ne5 Be7 17. Be2 Nd7 18. Nxd7 Qxd7
19. Rc1 (19. Na4 b5 20. Nc5 Bxc5 21. dxc5 e5 22. Bg3 $14) 19... O-O 20. Na4
Bb4+ 21. Kf1 Bd2 (21... Qe7 22. Nc5 $140 $2 e5 $1 $17) 22. Nc5 Qd8 $6 (22...
Qe7 23. Rd1 Bb4 (23... Nxd4 $4 24. Qb6 $18) 24. Rc1 Bd2 $10) 23. Nxb7 Nxd4 (
23... Nxd4 24. exd4 Rxb7 25. Qxb7 Bxf4 26. Rc3 $14) 1/2-1/2

[Event "WchT 3rd"]
[Site "Luzern"]
[Date "1993.??.??"]
[Round "5.3"]
[White "Bareev, Evgeny"]
[Black "Tukmakov, Vladimir B"]
[Result "1/2-1/2"]
[WhiteElo "2660"]
[BlackElo "2600"]
[Annotator "Hertneck,G"]
[PlyCount "92"]
[EventDate "1993.10.24"]
[EventType "team-tourn"]
[EventRounds "9"]
[EventCountry "SUI"]
[SourceTitle "CBM 038"]
[Source "ChessBase"]
[SourceDate "1994.02.01"]
[SourceVersion "1"]
[SourceVersionDate "1994.02.01"]
[SourceQuality "1"]
[WhiteTeam "Russia"]
[BlackTeam "Ukraine"]
[WhiteTeamCountry "RUS"]
[BlackTeamCountry "UKR"]

1. d4 d5 2. c4 c6 3. Nc3 Nf6 4. e3 a6 5. b3 $5 b5 (5... Bf5 $142) 6. Bd3 Bg4 7.
Nge2 e6 8. f3 Bh5 9. g4 Bg6 10. h4 Nbd7 11. c5 $14 e5 12. Ng3 Qc7 13. Kf2 Bxd3
14. Qxd3 h5 15. g5 Ng8 16. f4 e4 17. Qd1 g6 18. f5 $1 Bg7 19. Nce2 $5 (19. f6
$2 Ngxf6 $8 20. gxf6 Bxf6 {/\ Nc5, /\ Qd8} 21. Nge2 Qd8 22. Kg3 Bxh4+ $1 23.
Rxh4 Qg5+ 24. Kh3 Qf5+ 25. Kg2 Qg5+ 26. Kh3 Qf5+ $10) (19. Bd2 $1) 19... Nxc5
20. Nf4 Nd3+ 21. Nxd3 exd3 22. Qxd3 f6 $1 23. Ba3 fxg5 24. hxg5 h4 25. Ne2 gxf5
26. Qxf5 Ne7 27. Qe6 Rf8+ $1 28. Kg2 Qd7 29. Qxd7+ Kxd7 30. Bxe7 $1 (30. Rxh4
Nf5 31. Bxf8 Nxh4+ 32. Kh3 Rxf8 33. Kxh4 Rf3 34. Rd1 $13) 30... Kxe7 31. Raf1 (
31. Rxh4 Rf5 32. Rg4 Raf8 33. Nf4 Bxd4 34. Nxd5+ (34. Ng6+ $2 Kf7 $15) 34...
cxd5 35. exd4 Rg8 $10) (31. Nf4 Rf5 $132) 31... Rxf1 32. Rxf1 Re8 33. Kh3 Kd6
34. Rf3 Re4 35. Nf4 c5 $1 $132 36. dxc5+ Kxc5 37. Kxh4 d4 38. exd4+ Bxd4 39.
Kh5 Kb4 40. Nd5+ Ka3 $10 41. Nc7 b4 42. Nxa6 Re2 43. Nc7 Kxa2 44. Nd5 Ka3 45.
Rd3 Bh8 46. Kg6 Rc2 1/2-1/2

[Event "Tilburg"]
[Site "Tilburg"]
[Date "1993.??.??"]
[Round "3"]
[White "Epishin, Vladimir"]
[Black "Shabalov, Alexander"]
[Result "1-0"]
[WhiteElo "2655"]
[BlackElo "2590"]
[Annotator "Hertneck,G"]
[PlyCount "88"]
[EventDate "1993.11.??"]
[EventType "k.o."]
[EventRounds "7"]
[EventCountry "NED"]
[SourceTitle "CBM 039"]
[Source "ChessBase"]
[SourceDate "1994.04.01"]
[SourceVersion "1"]
[SourceVersionDate "1994.04.01"]
[SourceQuality "1"]

1. d4 d5 2. c4 c6 3. Nc3 e5 4. dxe5 d4 5. Ne4 Qa5+ 6. Nd2 (6. Bd2 $142 Qxe5 7.
Ng3) 6... Bg4 $5 $146 (6... Nd7 $13) 7. h3 Bh5 8. g4 (8. Qb3) 8... Bg6 9. Ngf3
h5 $1 10. Bg2 hxg4 11. Nxd4 (11. hxg4 Rxh1+ 12. Bxh1 Nh6 $44) 11... Nd7 (11...
gxh3 12. Bxh3 {/\ Bd7}) 12. e6 Ne5 13. exf7+ Bxf7 14. N4b3 Qc7 (14... Qb4 15.
a3 Qe7 16. Qc2 Rd8 $44) 15. Ne4 Nxc4 16. Bg5 Bd5 17. Qd4 $16 {@} Bb4+ 18. Kf1
Ne7 19. hxg4 Rxh1+ 20. Bxh1 O-O-O 21. Bf3 (21. Qxg7 Qh2 22. Bg2 Bxe4 23. Bxe4
Qh3+ 24. Bg2 Qxg4 25. Bh6 $16) 21... Qh2 22. Rd1 Ne5 23. Bg2 (23. Qxb4 $2 Nxf3
24. exf3 Qh1+ $1 (24... Bc4+ $2 25. Qxc4 Rxd1+ 26. Ke2 Qg1 27. Qe6+ Kb8 28.
Nbd2 $18) 25. Ke2 Bc4+ 26. Ke3 (26. Qxc4 $2 Qxd1+ 27. Ke3 Nd5+ $19) 26... Qxd1
27. Bxe7 Rd3+ 28. Kf4 Qxf3+ $19) 23... Nf7 $1 {/\ Bb3; /\ Ng5} 24. Qxb4 Nxg5
25. Qxe7 Nh3 $1 26. Ke1 $8 (26. Bxh3 $4 Qh1#) 26... Qxg2 27. Nd6+ (27. Nbc5 $2
Qh1+ 28. Kd2 Qxd1+ $3 29. Ke3 (29. Kxd1 Bb3+ 30. Ke1 Rd1#) 29... Qc1+ 30. Nd2
Qxb2 $19) 27... Rxd6 28. Qxd6 Qxf2+ 29. Kd2 Ng5 $1 (29... Nf4 30. Qf8+ Kc7 31.
Qxg7+ Kc8 32. Qf8+ Kc7 33. Qe7+ Kc8 34. Qe3 $18) 30. Kc1 Ne4 31. Qe7 Qe3+ 32.
Nd2 g5 33. Qf8+ Kc7 34. Qe7+ Kb6 35. Qb4+ Kc7 36. Qe7+ Kb6 37. Qa3 Qxe2 $2 (
37... Qxa3 $1 38. bxa3 Nf6 39. Rg1 Bxa2 {/\ Bf6 was the best chance to survive}
) 38. Qb4+ Kc7 39. Nxe4 $18 Qxe4 40. Qxe4 Bxe4 41. Rf1 Kd6 42. Rf7 b5 43. Rxa7
Ke5 44. Rf7 Kd4 {What a game!} 1-0

[Event "Reykjavik op"]
[Site "Reykjavik"]
[Date "1996.??.??"]
[Round "8"]
[White "Hjartarson, Johann"]
[Black "Gulko, Boris F"]
[Result "1-0"]
[WhiteElo "2570"]
[BlackElo "2615"]
[Annotator "Hjartarson,J"]
[PlyCount "87"]
[EventDate "1996.03.??"]
[EventType "swiss"]
[EventRounds "9"]
[EventCountry "ISL"]
[SourceTitle "CBM 052"]
[Source "ChessBase"]
[SourceDate "1996.06.01"]
[SourceVersion "1"]
[SourceVersionDate "1996.06.01"]
[SourceQuality "1"]

1. d4 {Huebner,R} d5 2. c4 c6 3. Nc3 dxc4 $5 4. e4 b5 (4... e5 5. Bxc4 $6 (5.
dxe5 $146 Qxd1+ 6. Kxd1 b5 7. Be3 Nd7 8. f4 Bc5 9. Ke2 a5 10. Nf3 Ne7 11. f5 $1
$14 {Karpov,An-Salov,V (02)/Wijk m (04) ;CBM 34 1993/1-0 (57)}) (5. Nf3 exd4 6.
Qxd4 Qxd4 7. Nxd4 Nf6 8. f3 Bc5 9. Be3 b5 $6 (9... Nbd7 10. Bxc4 $14) 10. a4 b4
11. Nd1 Ba6 12. Rc1 $16 {Keres-Euwe, Nederland (m) 1940}) 5... exd4 6. Nf3 b5
$2 (6... dxc3 $1 7. Bxf7+ Ke7 8. Qb3 cxb2 9. Bxb2 Qb6 $1 10. Ba3+ c5 11. Bxg8
Rxg8 12. Bxc5+ Qxc5 13. O-O Qh5 $1 14. Qxg8 Be6 15. Qh8 Nc6 $17 {Botvinnik}) 7.
Nxb5 $16 {1-0 Alekhine,A-Euwe,M (06)/Wch17-NLD (Haarlem) ;MAINB 1937 (23)}) 5.
a4 b4 6. Na2 Nf6 {Huebner,R: Dies ist eine Neuerung; bisher wurde meist 6...e5
versucht. Der Partieverlauf sieht für Schwarz nicht attraktiv aus.} 7. f3 (7.
e5 Nd5 8. Bxc4 e6 9. Nf3 $13) 7... e5 $1 (7... b3 $6 8. Nc3 Ba6 9. g4 $5 (9.
Be3 $14) 9... e5 10. dxe5 Nfd7 11. f4 Qh4+ 12. Ke2 Bc5 (12... Qxg4+ 13. Nf3 $44
) 13. Be3 O-O 14. Nf3 Qe7 15. Nd4 $16 {1-0 Sadler,M-Horvath,C/Gausdal Int (07)
;EXT 94 1994 (35)}) (7... e6 8. Bxc4 c5 {Huebner,R: verdient Erwägung.}) 8.
dxe5 $146 (8. Bxc4 Qxd4 9. Qc2 $6 (9. Qxd4 exd4 10. Ne2 c5 $1 (10... Bc5 11.
Bd2 a5 12. Nac1 $44) 11. e5 Nfd7 12. Bd5 Nb6 13. Bxa8 Nxa8 $44) 9... Bc5 10.
Bg5 Ba6 $17 {0-1 Lautier,J-Sokolov,I/Groningen (09) ;CBM 51 1995 (21)}) 8...
Qxd1+ 9. Kxd1 Nfd7 10. e6 (10. f4 $5 Ba6 (10... Nc5 11. Bxc4 Nxe4 12. Be3 $14)
11. Be3 f6 $13) 10... fxe6 (10... Ne5 {Huebner,R} 11. exf7+ Kxf7 12. f4 (12.
Bf4 Nd3 13. Bxd3 cxd3 14. Nc1 Ba6 15. Nh3 Nd7 {führt zu gutem Spiel für
Schwarz.}) 12... Bg4+ (12... Nd3 13. Bxd3 cxd3 14. Nf3 Bg4 15. Be3 $16) 13. Ke1
Nd3+ 14. Bxd3 cxd3 15. f5 Bc5 (15... Nd7 16. h3 Be2 17. Nxe2 dxe2 18. Kxe2 $16)
16. h3 Bxg1 17. hxg4 Bc5 18. e5 $16) 11. Bxc4 Ba6 (11... Ne5 $142 $1 12. Be2 (
12. Bb3 c5 $17) 12... Ba6 13. b3 $13) 12. Bxa6 Nxa6 13. Be3 (13. b3 $6 c5 $1
14. Bb2 c4 $17) 13... Bc5 14. Ke2 O-O-O $6 (14... Bxe3 15. Kxe3 c5 {Huebner,R}
(15... O-O-O 16. Nh3 (16. Ne2 $2 Ne5 $17) 16... Ne5 17. Rac1 $13) 16. Ne2 Ke7)
15. Bg5 $1 Nf6 16. b3 $14 Bd4 17. Rc1 Kb7 18. Nh3 e5 19. Rhd1 c5 20. Be3 Bxe3 (
20... Rhe8 $142 {Huebner,R}) 21. Rxd8 Rxd8 22. Kxe3 h6 $2 (22... Rd6 $1 23. Nf2
Nd7 24. Rc2 Nab8 25. Nd3 Kb6 26. Nb2 Kb7 27. Nd3 Kb6 28. Rd2 $5 $14) 23. Nf2
Rd6 24. Rc2 Nd7 25. Nc1 h5 26. Nfd3 g5 27. Nb2 g4 28. Ncd3 gxf3 29. gxf3 Rg6
30. Nc4 $16 Rg1 31. Rb2 Nc7 32. Ncxe5 Nxe5 33. Nxe5 Re1+ $6 (33... Ne6 34. Nd3
Kb6 35. f4 Nd4 36. e5 $16) 34. Kf2 Rh1 35. Kg2 Rc1 36. f4 Ne6 37. f5 Ng5 38. f6
Kc7 39. f7 Nh7 40. Ng6 Re1 41. e5 Kc6 42. Kf2 Re4 (42... Rh1 43. e6 $18) 43.
Re2 Rg4 44. e6 1-0